Statistics for Countries Britain has never invaded

Click here to take the quiz!

General Stats

  • This quiz has been taken 25 times
  • The average score is 11 of 22

Answer Stats

ContinentAnswer% Correct
EuropeVatican City
79%
EuropeLiechtenstein
71%
EuropeSweden
71%
South AmericaParaguay
71%
EuropeMonaco
67%
EuropeLuxembourg
67%
South AmericaBolivia
67%
EuropeAndorra
63%
EuropeBelarus
58%
AsiaMongolia
58%
AfricaCongo
46%
OceaniaMarshall Islands
46%
AfricaChad
42%
AfricaMali
42%
North AmericaGuatemala
38%
AsiaKyrgyzstan
38%
AfricaCentral African Republic
38%
AfricaBurundi
38%
AfricaSao Tome and Principe
38%
AsiaTajikistan
38%
AsiaUzbekistan
38%
AfricaIvory Coast
33%

Score Distribution

Percentile by Number Answered

Percent of People with Each Score

Your Score History

You have not taken this quiz